000 00268nam a2200109 a 4500
005 20140414131938.0
008 110125s19uu xx 00 eng d
050 _aER
_bSn6 1989
245 _aSnoopy's day at the farm.
440 _aPeanuts sound story
999 _c112530
_d112530